Statistiken für Alle Straßenbahnhaltestellen Wiens

Klicken Sie hier um das Quiz zu spielen!

Allgemein

  • Dieses Quiz wurde 194 mal gespielt
  • Das Durchschnittsergebnis liegt bei 92 aus 399

Antworten auf der Karte

Die Antworten werden auf der Karte rot bzw. grün angezeigt, abhängig davon wie oft sie richtig erraten wurden.
 

Antwortstatistiken

LinienHaltestelle% Korrekt
D, 1, 2, 62, 71, WLBOper/Karlsplatz
78%
D, 1, 37, 38, 40, 41, 42, 43, 44, 71Schottentor
72%
25, 26, 30, 31Floridsdorf
67%
D, 1, 2, 71Parlament
67%
O, 18Hauptbahnhof
66%
1, 31Schottenring
66%
5, 6, 9, 18, 52, 60Westbahnhof
66%
DNußdorf
65%
2Rathaus
65%
D, 1, 2, 46, 49, 71Ring/Volkstheater
64%
1, 2Schwedenplatz
63%
6, 18Burggasse-Stadthalle
59%
1, 6, 18, 62, WLBMatzleinsdorfer Platz
59%
O, 5Praterstern
59%
D, 1, 71Börse
57%
46Schmerlingplatz/Volkstheater
57%
49Volkstheater
57%
D, 1, 2, 71Burgring
56%
O, 71Rennweg
56%
D, 2, 71Schwarzenbergplatz
56%
1, 62, WLBKarlsplatz
55%
11, 71Simmering
55%
D, 1, 71Rathausplatz/Burgtheater
54%
62, WLBMeidling
53%
49Hütteldorf, Bujattigasse
52%
1Prater, Hauptallee
52%
2, 10, 43Dornbach
49%
18Schlachthausgasse
49%
5Burggasse/Kaiserstraße
48%
26Edmund-Hawranek-Platz
48%
25Kagran
47%
44, 46Ottakring
47%
30, 31Stammersdorf
47%
1Stefan-Fadinger-Platz
47%
OWien Mitte-Landstraße
47%
43Alser Straße
46%
DHeiligenstadt, 12.-Februar-Platz
45%
11, 71Kaiserebersdorf, Zinnergasse
45%
18, 71St. Marx
45%
2Stubentor
45%
11, 71Enkplatz
44%
11Gottschalkgasse/Enkplatz
44%
26Hausfeldstraße
44%
10, 60Hietzing
44%
DSpittelau
44%
40, 41, 42Währinger Straße-Volksoper
44%
25Aspern, Oberdorfstraße
43%
6, 11Reumannplatz
43%
2, 33Josefstädter Straße
41%
D, 6, 11Absberggasse
40%
30, 31Brünner Straße
40%
60Rodaun
40%
2, 31, 33Friedrich-Engels-Platz
39%
43Hernals
39%
31, 33Jägerstraße
39%
1, 2Julius-Raab-Platz
39%
37, 38Nußdorfer Straße
39%
10Unter St. Veit, Hummelgasse
39%
11, 71Zentralfriedhof 3. Tor
39%
38Grinzing
38%
26Kagraner Platz
38%
42Michelbeuern-AKH
38%
46Thaliastraße
38%
11, 71Zentralfriedhof 1. Tor
38%
2Dresdner Straße
37%
6, 18Gumpendorfer Straße
37%
6, 18Margaretengürtel
37%
43Neuwaldegg
37%
D, O, 18Quartier Belvedere
37%
11, 71Zentralfriedhof 2. Tor
37%
2Taborstraße
35%
WLBVösendorf-Siebenhirten
35%
25Erzherzog-Karl-Straße
34%
D, 5, 33Franz-Josefs-Bahnhof
34%
9, 40, 41Gersthof
34%
49Johnstraße
34%
5, 33, 37, 38 40, 41, 42Spitalgasse
34%
26Am Spitz
33%
49, 52Baumgarten
33%
25Donauspital
33%
26Gewerbepark Stadlau
33%
37Hohe Warte
33%
71Unteres Belvedere
33%
6, 9, 18, 49Urban-Loritz-Platz
33%
11, 71Zentralfriedhof 4. Tor
33%
42Antonigasse
32%
9 ,43Elterleinplatz
32%
1, 18, 62, WLBKliebergasse
32%
10, 44, 46Maroltingergasse
32%
2, 5Am Tabor
30%
OBruno-Marek-Allee
30%
O, 18Fasangasse
30%
11, 71Fickeysstraße
30%
5, 33Friedensbrücke
30%
DHauptbahnhof Ost
30%
10, 49Hütteldorfer Straße
30%
2, 9, 44Johann-Nepomuk-Berger-Platz
30%
11Otto-Probst-Platz
30%
O, 11Raxstraße/Rudolfshügelgasse
30%
2Traisengasse
30%
30, 31Floridsdorfer Markt
29%
25, 26Hoßplatz
29%
62Lainz, Wolkersbergenstraße
29%
49Westbahnstraße/Neubaugasse
29%
31Wexstraße
29%
71Zippererstraße
29%
71Am Heumarkt
28%
31Floridsdorfer Brücke
28%
62, WLBFlurschützstraße/Längenfeldgasse
28%
6, 11Geiereckstraße
28%
40Gersthof, Herbeckstraße
28%
DNußdorf, Beethovengang
28%
1, 62, WLBPaulanergasse
28%
41Pötzleinsdorf
28%
26Prinzgasse
28%
1, 62, WLBResselgasse
28%
1Salztorbrücke
28%
25Hardeggasse
27%
25, 26Josef-Baumann-Gasse
27%
5, 33, 43, 44Lange Gasse
27%
1, 62, WLBLaurenzgasse
27%
60, 62Speising, Hermesstraße
27%
26Am Heidjöchl
26%
25Donaustadtstraße
26%
25, 26Fultonstraße
26%
43Hernals, Wattgasse
26%
10, 46Joachimsthalerplatz
26%
1Löwengasse
26%
26Nordbrücke
26%
37, 38, 40, 41, 42Schwarzspanierstraße
26%
9, 49Schweglerstraße
26%
30, 31Van-Swieten-Kaserne
26%
18Erdbergstraße/Schlachthausgasse
24%
30, 31Großjedlersdorf
24%
2, 31, 33Höchstädtplatz
24%
WLBInzersdorf Lokalbahn
24%
1, 6Knöllgasse
24%
1Knöllgasse/Troststraße
24%
71Oberzellergasse
24%
25Siebeckstraße
24%
49Westbahnstraße/Zieglergasse
24%
DAugasse
23%
18Baumgasse
23%
25, 26Carminweg
23%
6, 18, 62, WLBEichenstraße
23%
31Hubertusdamm
23%
1, 62, WLBJohann-Strauß-Gasse
23%
25Kagraner Brücke
23%
5Kaiserstraße
23%
5, 31, 33Klosterneuburger Straße/Wallensteinstraße
23%
11, 71Leberberg
23%
1, 62, WLBMayerhofgasse
23%
2Neulerchenfelder Straße/Brunnengasse
23%
O, 5Nordbahnstraße
23%
31Obere Augartenstraße
23%
26Süßenbrunner Straße/Oberfeldgasse
23%
46Thaliastraße/Brunnengasse
23%
2, 5, 33Albertgasse
22%
18Blechturmgasse
22%
2Karmeliterplatz
22%
26Kraygasse
22%
43, 44Landesgerichtsstraße
22%
25Langobardenstraße
22%
71Litfaßstraße
22%
38Oberdöbling
22%
31Obere Donaustraße
22%
O, 6, 11Quellenplatz
22%
O, 1Radetzkyplatz
22%
10, 60Schloss Schönbrunn
22%
26Spargelfeldstraße/Oberfeldgasse
22%
25Trondheimgasse
22%
2Weihburggasse
22%
5, 49Westbahnstraße/Kaiserstraße
22%
26Ziegelhofstraße/Oberfeldgasse
22%
5, 33Florianigasse
21%
10Kendlerstraße
21%
25Konstanziagasse
21%
25Langobardenstraße/Kapellenweg
21%
25Polgarstraße
21%
25Prandaugasse
21%
2, 10Sandleitengasse
21%
30, 31Shuttleworthstraße
21%
1Windtenstraße
21%
26Zanggasse
21%
25Arminenstraße
20%
2, 5, 33Blindengasse
20%
11, 71Braunhubergasse
20%
49Breitensee
20%
1Davidgasse
20%
26Forstnergasse
20%
5, 33, 38, 38Nußdorfer Straße/Alserbachstraße
20%
26Rußbergstraße
20%
26Saikogasse
20%
WLBSchöpfwerk
20%
43, 44Skodagasse
20%
11, 71Weißenböckstraße
20%
2Wilhelminenstraße
20%
1Wittelsbachstraße
20%
26Autokaderstraße
19%
30, 31Bahnsteggasse
19%
31Gaußplatz
19%
11Geiselbergstraße
19%
O, 1Hintere Zollamtsstraße
19%
10, 52Linzer Straße/Johnstraße
19%
6, 18Mariahilfer Gürtel
19%
2Marienbrücke
19%
OMarxergasse
19%
43Palffygasse
19%
49Siebensterngasse
19%
5, 33Wallensteinplatz
19%
6, 18Arbeitergasse/Gürtel
18%
OFranzensbrücke
18%
WLBGutheil-Schoder-Gasse
18%
5Lerchenfelder Straße
18%
2, 9Mayssengasse
18%
WLBMeidling, Schedifkaplatz
18%
71Molitorgasse
18%
6Neilreichgasse
18%
10, 52, 60Penzinger Straße
18%
2Römergasse
18%
DSchloss Belvedere
18%
10Verbindungsbahn
18%
26Winkeläckerstraße
18%
DAlfred-Adler-Straße
17%
30, 31Anton-Schall-Gasse
17%
9, 49Beingasse
17%
43, 44Brünnlbadgasse
17%
9Camillo-Sitte-Gasse
17%
30, 31Carabelligasse
17%
OColumbusplatz
17%
43Dornbacher Straße
17%
44Familienplatz
17%
26Hopfengasse
17%
71Kleistgasse
17%
OLaxenburger Straße/Gudrunstraße
17%
5Nordwestbahnstraße
17%
DSchlickgasse
17%
DAlthanstraße
16%
DBauernfeldplatz
16%
62Breitenfurter Straße/Altmannsdorfer Straße
16%
30, 31Brünner Straße/Hanreitergasse
16%
71Hauffgasse
16%
5, 33Laudongasse
16%
5, 33Lazarettgasse
16%
60Maurer Hauptplatz
16%
WLBNeu-Erlaa
16%
9, 43Rosensteingasse
16%
DSeegasse
16%
37, 38, 40, 41, 42Sensengasse
16%
2Taborstraße/Heinestraße
16%
30, 31Empergergasse
15%
DGrinzinger Straße
15%
44Hernalser Gürtel
15%
62Hetzendorf
15%
49Hütteldorfer Straße/Lützowgasse
15%
2Innstraße
15%
26Koloniestraße
15%
52Linzer Straße/Lützowgasse
15%
62, WLBMarx-Meidlinger-Straße
15%
31Matthäus-Jiszda-Straße
15%
2Neulerchenfelder Straße/Haberlgasse
15%
DPlößlgasse
15%
WLBSchönbrunner Allee
15%
11, 71Svetelskystraße
15%
46Thaliastraße/Haberlgasse
15%
44Yppengasse
15%
62, WLBAßmayergasse
14%
31Gerhardusgasse
14%
DGußhausstraße
14%
1Hetzgasse
14%
40, 41Martinstraße
14%
60Maurer Lange Gasse
14%
5Rauscherstraße
14%
10Reinlgasse/Märzstraße
14%
38Sieveringer Straße
14%
46Strozzigasse
14%
OUngargasse/Neulinggasse
14%
18Viehmarktgasse
14%
62Wienerbergbrücke
14%
18Wildgansplatz
14%
40, 41Aumannplatz
13%
49Deutschordenstraße
13%
62, WLBDörfelstraße
13%
9, 46Feßtgasse
13%
44Frauengasse
13%
37, 38Glatzgasse
13%
18Heinrich-Drimmel-Platz
13%
OKrakauer Straße
13%
2, 10Liebknechtgasse
13%
O, 5Mühlfeldgasse
13%
2Rebhanngasse
13%
6, 11Schrankenberggasse
13%
38An den langen Lüssen
12%
33Brigittaplatz
12%
37Döblinger Bad
12%
49Leyserstraße
12%
10, 52Linzer Straße/Reinlgasse
12%
11Otto-Probst-Straße
12%
9Panikengasse
12%
46Schottenfeldgasse
12%
O, 11Arthaberplatz
11%
37Barawitzkagasse
11%
6Bernhardtstalgasse
11%
11Frödenplatz
11%
6, 11Gellertplatz
11%
2Gredlerstraße
11%
43Himmelmutterweg
11%
DHlawkagasse
11%
49Hütteldorfer Straße/Hochsatzengasse
11%
OKölblgasse
11%
2Lederergasse
11%
DLiechtenwerder Platz
11%
52Linzer Straße/Hochsatzengasse
11%
5Neustiftgasse/Kaiserstraße
11%
49Seckendorfstraße
11%
38Silbergasse
11%
62Sonnergasse
11%
5Stollgasse
11%
9, 42Vinzenzgasse
11%
62Wattmanngasse
11%
52, 60Westbahnhof/Gerstnerstraße
11%
52, 60Winckelmannstraße
11%
52Ameisgasse
10%
52, 60Anschützgasse
10%
46Auerspergstraße
10%
9Blumengasse
10%
52Diesterweggasse
10%
10, 60Dommayergasse
10%
9Gersthof, Wallrißstraße
10%
60Gloriettegasse
10%
DGunoldstraße
10%
9Guntherstraße
10%
60Jagdschloßgasse
10%
42Johann-Nepomuk-Vogl-Platz
10%
60Kaiser-Franz-Josef-Straße
10%
11, 71Pantucekgasse/Widholzgasse
10%
37Pokornygasse
10%
DRampengasse
10%
49Rettichgasse
10%
62Schloss Hetzendorf
10%
46Schuhmeierplatz
10%
60Sillerplatz
10%
52, 60Staglgasse
10%
49Stiftgasse
10%
41Türkenschanzplatz
10%
37Döblinger Hauptstraße/Gatterburggasse
9%
10Fichtnergasse
9%
52Gruschaplatz
9%
37Guneschgasse
9%
DHalteraugasse
9%
40, 41Kutschkergasse
9%
10Laurentiusplatz
9%
O, 11Laxenburger Straße/Troststraße
9%
52, 60Mariahilfer Straße/Geibelgasse
9%
60Preyergasse
9%
10, 46Rankgasse
9%
60Riedelgasse
9%
62Rosenhügelstraße
9%
11Sahulkastraße
9%
OSechskrügelgasse
9%
11Tesarekplatz
9%
11, 71Valiergasse
9%
62Versorgungsheimplatz
9%
49Waidhausenstraße
9%
10Wenzgasse
9%
60Anton-Krieger-Gasse
7%
62Atzgersdorfer Straße
7%
37, 38Canisiusgasse
7%
60Franz-Asenbauer-Gasse
7%
38Gatterburggasse
7%
52Gusenleithnergasse
7%
38Hardtgasse
7%
60, 62Hofwiesengasse
7%
49Huglgasse
7%
44Johannes-Krawarik-Gasse
7%
62Klinik Hietzing
7%
52Linzer Straße/Zehetnergasse
7%
38Paradisgasse
7%
11Polkorabplatz
7%
52, 60Rustengasse
7%
49Satzberggasse
7%
9, 40Schöffelgasse
7%
9Simonygasse
7%
40, 41Weinhauser Gasse
7%
44Weinheimergasse
7%
11Wienerfeldgasse
7%
40Eckpergasse
6%
37Perntergasse
6%
44Redtenbachergasse
6%
DSickenberggasse
6%
9, 42Sommarugagasse
6%
60Stadlergasse
6%
O, 11Troststraße/Neilreichgasse
6%
40Alsegger Straße
5%
42Eduardgasse
5%
41Erndtgasse
5%
10Gutraterplatz
5%
41Scheibenbergstraße
5%
60Breitenfurter Straße/Liesingbrücke
2%

Verteilung der Resultate

Perzentil nach korrekt beantworteten Fragen

Anzahl Personen mit jedem Resultat

Ihre Resultats-Entwicklung

Sie haben dieses Quiz noch nicht gespielt